000 01213nam0a22002891 4500
001 rc\3053421
005 20250806202414.0
035 _a(NLR Aleph) 007192739
090 _a65454
_c65454
100 _a20111011d1941 u y0rusy50 ca
101 0 _arus
102 _aRU
105 _ay z |||||
200 1 _aПрограммы педагогических училищ
_eГеография, практикум по географии, методика географии
_f... Сост. Е.Д. Прозоровым и В.П. Горощенко
_gУпр. подготовки учителей НКП РСФСР
210 _aМосква
_cНаркомпрос РСФСР
_d1941
215 _a40 с.
_d21 см
300 _aПоследняя с. текста напеч. на обл.
702 1 _aПрозоров
_bЕ.Д.
_4220
702 1 _aГорощенко
_bВ.П.
_4220
710 0 1 _aРСФСР
_bНародный комиссариат просвещения
_3RU\NLR\AUTH\8810097174
801 0 _aRU
_bNLR
_gpsbo
801 1 _aRU
_bELAR
_2rusmarc
852 _aNLR
_jПр30 Г-4/88
942 _cBOOK
945 _aРоссийская национальная библиотека
980 _aNB
980 _aBV